<?xml version="1.0" encoding="UTF-8"?>
<record
    xmlns:xsi="http://www.w3.org/2001/XMLSchema-instance"
    xsi:schemaLocation="http://www.loc.gov/MARC21/slim http://www.loc.gov/standards/marcxml/schema/MARC21slim.xsd"
    xmlns="http://www.loc.gov/MARC21/slim">

  <leader>02366nam a2200325   4500</leader>
  <controlfield tag="001">114144</controlfield>
  <controlfield tag="003">DR-UNIBE</controlfield>
  <controlfield tag="005">20251010102411.0</controlfield>
  <controlfield tag="008">251009b2025    dr ||||| |||| 00| 0 spa d</controlfield>
  <datafield tag="020" ind1=" " ind2=" ">
    <subfield code="a">9789945294699</subfield>
  </datafield>
  <datafield tag="040" ind1=" " ind2=" ">
    <subfield code="a">BIBLIOTECA UNIBE</subfield>
    <subfield code="b">spa</subfield>
    <subfield code="c">BIBLIOTECA UNIBE</subfield>
  </datafield>
  <datafield tag="041" ind1=" " ind2=" ">
    <subfield code="a">spa</subfield>
  </datafield>
  <datafield tag="082" ind1=" " ind2=" ">
    <subfield code="2">22</subfield>
    <subfield code="a">RD 339.5097293 S232e</subfield>
  </datafield>
  <datafield tag="100" ind1="1" ind2="0">
    <subfield code="a">Santana Garc&#xED;a, F&#xE9;lix Antonio</subfield>
    <subfield code="e">autor</subfield>
    <subfield code="9">199658</subfield>
  </datafield>
  <datafield tag="245" ind1="1" ind2="0">
    <subfield code="a">Entre pandemia y guerra :</subfield>
    <subfield code="b">superaci&#xF3;n fiscal y monetaria 2020-2024 /</subfield>
    <subfield code="c">F&#xE9;lix Antonio Santana Garc&#xED;a</subfield>
  </datafield>
  <datafield tag="250" ind1=" " ind2=" ">
    <subfield code="a">Primera edici&#xF3;n</subfield>
  </datafield>
  <datafield tag="260" ind1=" " ind2=" ">
    <subfield code="a">Santo Domingo :</subfield>
    <subfield code="b">[Editor no identificado],</subfield>
    <subfield code="c">2025</subfield>
  </datafield>
  <datafield tag="300" ind1=" " ind2=" ">
    <subfield code="a">437 p&#xE1;ginas ;</subfield>
    <subfield code="c">23 cm</subfield>
  </datafield>
  <datafield tag="520" ind1="3" ind2=" ">
    <subfield code="a">Entre pandemia y guerra: superaci&#xF3;n fiscal y monetaria, agrupa 105 temas escritos entre 2020 y 2024 publicados por su autor licenciado F&#xE9;lix Santana Garc&#xED;a, en el peri&#xF3;dico digital Almomento.net, donde expone su punto de vista sobre la situaci&#xF3;n econ&#xF3;mica y pol&#xED;tica que se desarrollaba durante una de las etapas m&#xE1;s complejas de la econom&#xED;a mundial, marcada por los efectos del coronavirus, el conflicto b&#xE9;lico entre Ucrania y Rusia, los desajustes en el comercio y la producci&#xF3;n global. Sus an&#xE1;lisis versan sobre el desempe&#xF1;o econ&#xF3;mico adecuado, en un contexto nacional e internacional donde los precios internacionales de las materias primas, las tensiones geopol&#xED;ticas y los efectos adversos que vienen derivados de eventos extremos asociados a la situaci&#xF3;n econ&#xF3;mica mundial. El autor se&#xF1;ala que este libro retrata el esfuerzo del pa&#xED;s por sostener su estabilidad monetaria, proteger a los sectores vulnerables y mantener un crecimiento econ&#xF3;mico que super&#xF3; el 4 %, a pesar de las presiones inflacionarias y fiscales.</subfield>
  </datafield>
  <datafield tag="650" ind1=" " ind2="7">
    <subfield code="2">lemb</subfield>
    <subfield code="a">Pol&#xED;tica fiscal</subfield>
    <subfield code="z">Rep&#xFA;blica Dominicana</subfield>
    <subfield code="9">2700</subfield>
  </datafield>
  <datafield tag="650" ind1=" " ind2="7">
    <subfield code="2">lemb</subfield>
    <subfield code="a">Pol&#xED;tica monetaria</subfield>
    <subfield code="z">Rep&#xFA;blica Dominicana</subfield>
    <subfield code="9">1465</subfield>
  </datafield>
  <datafield tag="650" ind1=" " ind2="7">
    <subfield code="2">lemb</subfield>
    <subfield code="a">Macroeconom&#xED;a</subfield>
    <subfield code="z">Rep&#xFA;blica Dominicana</subfield>
    <subfield code="9">1463</subfield>
  </datafield>
  <datafield tag="651" ind1=" " ind2="7">
    <subfield code="2">lemb</subfield>
    <subfield code="a">Rep&#xFA;blica Dominicana</subfield>
    <subfield code="x">Pol&#xED;tica econ&#xF3;mica</subfield>
    <subfield code="9">2897</subfield>
  </datafield>
  <datafield tag="651" ind1=" " ind2="7">
    <subfield code="2">lemb</subfield>
    <subfield code="a">Rep&#xFA;blica Dominicana</subfield>
    <subfield code="x">Condiciones econ&#xF3;micas</subfield>
    <subfield code="y">2020-2024</subfield>
    <subfield code="9">199673</subfield>
  </datafield>
  <datafield tag="655" ind1=" " ind2="7">
    <subfield code="2">lemb</subfield>
    <subfield code="a">Art&#xED;culos de prensa</subfield>
    <subfield code="9">199674</subfield>
  </datafield>
  <datafield tag="700" ind1="1" ind2=" ">
    <subfield code="a">Lois Malkun, Jos&#xE9; E. </subfield>
    <subfield code="q">(Lois Malkun, Jos&#xE9; Enrique)</subfield>
    <subfield code="e">prologuista</subfield>
    <subfield code="9">199671</subfield>
  </datafield>
  <datafield tag="700" ind1="1" ind2=" ">
    <subfield code="a">L&#xF3;pez Reyes, Oscar</subfield>
    <subfield code="e">cuidado de edici&#xF3;n</subfield>
    <subfield code="9">199670</subfield>
  </datafield>
  <datafield tag="700" ind1="1" ind2=" ">
    <subfield code="a">D&#xED;az Mart&#xED;nez, Luis </subfield>
    <subfield code="e">corrector de estilo</subfield>
    <subfield code="9">199693</subfield>
  </datafield>
  <datafield tag="942" ind1=" " ind2=" ">
    <subfield code="2">ddc</subfield>
    <subfield code="c">BK</subfield>
  </datafield>
  <datafield tag="999" ind1=" " ind2=" ">
    <subfield code="c">114144</subfield>
    <subfield code="d">114144</subfield>
  </datafield>
  <datafield tag="952" ind1=" " ind2=" ">
    <subfield code="0">0</subfield>
    <subfield code="1">0</subfield>
    <subfield code="2">ddc</subfield>
    <subfield code="7">0</subfield>
    <subfield code="8">GEN-RD</subfield>
    <subfield code="a">Principal</subfield>
    <subfield code="d">2025-10-09</subfield>
    <subfield code="l">0</subfield>
    <subfield code="o">RD 339.5097293 S232e</subfield>
    <subfield code="p">251051</subfield>
    <subfield code="r">2025-10-09 15:12:35</subfield>
    <subfield code="t">Ej. 1</subfield>
    <subfield code="w">2025-10-09</subfield>
    <subfield code="y">BK</subfield>
  </datafield>
</record>
